<?xml version="1.0" encoding="UTF-8"?><?xml-stylesheet type="text/xsl" href="static/style.xsl"?><OAI-PMH xmlns="http://www.openarchives.org/OAI/2.0/" xmlns:xsi="http://www.w3.org/2001/XMLSchema-instance" xsi:schemaLocation="http://www.openarchives.org/OAI/2.0/ http://www.openarchives.org/OAI/2.0/OAI-PMH.xsd"><responseDate>2026-04-29T10:59:43Z</responseDate><request verb="GetRecord" identifier="oai:uvadoc.uva.es:10324/4159" metadataPrefix="marc">https://uvadoc.uva.es/oai/request</request><GetRecord><record><header><identifier>oai:uvadoc.uva.es:10324/4159</identifier><datestamp>2021-09-21T08:02:51Z</datestamp><setSpec>com_10324_30605</setSpec><setSpec>com_10324_894</setSpec><setSpec>col_10324_41</setSpec></header><metadata><record xmlns="http://www.loc.gov/MARC21/slim" xmlns:doc="http://www.lyncode.com/xoai" xmlns:xsi="http://www.w3.org/2001/XMLSchema-instance" xmlns:dcterms="http://purl.org/dc/terms/" xsi:schemaLocation="http://www.loc.gov/MARC21/slim http://www.loc.gov/standards/marcxml/schema/MARC21slim.xsd">
<leader>00925njm 22002777a 4500</leader>
<datafield tag="042" ind1=" " ind2=" ">
<subfield code="a">dc</subfield>
</datafield>
<datafield tag="720" ind1=" " ind2=" ">
<subfield code="a">Marticorena Sánchez, Raúl</subfield>
<subfield code="e">author</subfield>
</datafield>
<datafield tag="260" ind1=" " ind2=" ">
<subfield code="c">2013</subfield>
</datafield>
<datafield tag="520" ind1=" " ind2=" ">
<subfield code="a">En el desarrollo del software, éste se degrada produciéndose la entropía software. Una de las labores fundamentales para su eliminación, es el mantenimiento perfectivo, y en particular, la refactorización. La independencia del lenguaje en la definición e implementación de refactorizaciones, así como la programación genérica en refactorización son dos importantes líneas abiertas de investigación en este campo. Con el objetivo de lograr cierta independencia en su definición e implementación se propone un metamodelo para la definición de los conceptos básicos y una plantilla para su definición, junto con un modelo de caracterización y proceso. Posteriormente se describe un nuevo catálogo de refactorizaciones en genericidad y se propone una arquitectura basada en frameworks. Finalmente se valida la solución sobre el lenguaje Java, construyendo un prototipo. En resumen, se aporta un nuevo enfoque a la hora de abordar las refactorizaciones, mejorando algunas de las deficiencias detectadas</subfield>
</datafield>
<datafield tag="024" ind2=" " ind1="8">
<subfield code="a">http://uvadoc.uva.es/handle/10324/4159</subfield>
</datafield>
<datafield tag="024" ind2=" " ind1="8">
<subfield code="a">b1665760</subfield>
</datafield>
<datafield tag="024" ind2=" " ind1="8">
<subfield code="a">10.35376/10324/4159</subfield>
</datafield>
<datafield ind1=" " ind2=" " tag="653">
<subfield code="a">Programación orientada al objeto (Informática)</subfield>
</datafield>
<datafield tag="245" ind1="0" ind2="0">
<subfield code="a">Refactorización sobre Programación Genérica en Lenguajes Orientados a Objetos</subfield>
</datafield>
</record></metadata></record></GetRecord></OAI-PMH>